000 00341nam a22001457a 4500
003 OSt
005 20160727222349.0
008 160621b xxu||||| |||| 00| 0 eng d
040 _cTEST
100 _9337
_aFox, P
245 _aThe Village by the sea
260 _bN.V. Orchard Book
_c1988
300 _aThe Village by the sea
942 _2ddc
_cBK
999 _c270
_d270